Oslo - Statistics

General Stats
  • This quiz has been taken 181 times
  • The average score is 7 of 22
Answer Stats
Hint: Svar: % Correct
Antall ganger byen har vært vertskap for Vinter-OL 1 (i 1952)
90%
Hovedgate Karl Johans Gate
86%
Oslo befinner seg innerst i ... Oslofjorden
82%
Alna, Bjerke, Frogner, Gamle Oslo, Grorud, Grünerløkka, Nordre Aker, Nordstrand, Sagene, St. Hanshaugen, Stovner, Søndre Nordstrand, Ullern, Vestre Aker, Østensjø Bydeler
60%
Innbyggere 673,469(2018)
57%
Største innvandrergrupe med 3,5 % Pakistanere
55%
Verdens største skulpturpark Vigelandsparken
49%
Kjent medlem av kongefamilien født i byen i 1937 Sonja av Norge
32%
Største innsjø Maridalsvannet
28%
Hvilket navn bruker Bjørnstjerne Bjørnsons i diktet «Siste sang» fra Digte og Sange (1870) om byen, som også er et kjent navn på Oslo i dag Tigerstaden
28%
Areal (i km2) 454km2
27%
Antall t-banestasjoner 101
24%
Ordfører Marianne Borgen
22%
Hvor var den første drabantbyen Lambertseter
16%
Når skiftet Kristiania navn til Oslo 1 mars 1925
14%
Når ble Kristiania hovedstad? 1814
12%
Prosent skog 63 %
10%
Høyeste fjelltopp Kjerkeberget (631 moh)
7%
Hvilken målform har Oslo Nøytral
7%
År byen ble grunnlagt i følge Snorres kongesaga 1048
6%
Hvem grunnla byen Harald Hardråde
6%
Geografiske midtpunkt Nedre Blanksjøvann
1%
No matching quizzes found
Score Distribution
Percent of People with Each Score
Percentile by Number Answered
Your Score History
You have not taken this quiz